000 00893nam a2200253Ia 4500
003 OSt
005 20220923222111.0
006 a|||||r|||| 00| 0
007 ta
008 220922b |||||||| |||| 00| 0 hin d
024 _a203,038
037 _cTextual
040 _aARTS
_cARTS
_bhin
041 _2hin
_ahin
082 _aO157,1M61:g(R), 152K5
100 _aवंधोपाध्याय, हिरन्मय
_9160665
245 0 _aरवीन्द्र दर्शन
246 _aRavīndra darshana
260 _aदिल्ली
_b भारत-भारती प्राइवेट लिमिटेड
_c1965
300 _a117पृ.
_ccm.
650 _aबंगाली साहित्य
_9156264
942 _hO157,1M61:g(R), 152K5
_cTEXL
_2CC
999 _c353819
_d353819